000 00321nam a2200145Ia 4500
008 210210b xxu||||| |||| 00| 0 eng d
041 _aeng
082 _a874/5
100 _aKUMARANASHAN (N)
245 _aNiroopanangal
260 _a
_b-
_c
650 _aNiroopanangal
690 _aMalayalam Criticism
906 _a002600
999 _c124570
_d124570